01813nam a22003017a 450000500170000000800410001702000180005804000070007604100080008308200210009110000380011224500680015026000420021830000280026036500640028852006940035265000400104665000290108665000300111565000300114565000290117570000320120470000290123670000310126594200120129699900190130895201840132720240207110841.0240207b ||||| |||| 00| 0 eng d a9789388129756 cAL aeng 223a332.02bKAUS aPiyush Kaushik and others9149856 aSuccess Master IBPS 2023:bBank Clerk CRP XIII Preliminary Exam aNew DelhibArihant Publicationsc2023 axii,336p.bPBc26x21cm. 2Competitive Exama7548b284.00c₹d355.00e20%f07-2-2024 aBOOK STRUCTURE Solved Papers (2016-2022) Entire syllabus in 3 major subject heads BOOK FEATURES Based on the latest Online Test Pattern Serves as Success Master with complete coverage of syllabus Well-explained topics along with figures, tables, etc More than 5500 MCQs for practice 7 Years’ Previous Years’ Solved Papers for examining question types, paper patterns, etc. WHY THIS BOOK? Latest revised edition for IBPS 2023- Bank Clerk Exam Provides subjectwise strategy and Trend Analysis for sure success in the exam “3 Easy Steps to Crack the Exam” given at the end of the book TABLE OF CONTENT: Solved Papers (2016-2022), Numerical Ability, Reasoning Ability, English Language aBank Clerical Entrance Exam9149848 aCompetitive Exam9149849 aNumerical Ability9149850 aReasoning Ability9149851 aEnglish Language9149852 aKAUSHIK (Piyush) Ed9149853 aTANWAR (Amit) Ed9149854 aJAIN (Abhishek) Ed9149855 2ddccBK c229744d229744 00102ddc40708OTHaALbALd2024-02-07eBiblios Book Point Surathkal Mangalore 575014g284.00l2m1o332.02 KAUSp077087r2024-08-07 00:00:00s2024-07-29v355.00w2024-02-07yBK